Pig Production Science and Technology: (Record no. 6935)
[ view plain ]
| 000 -LEADER | |
|---|---|
| fixed length control field | 00614nam a22002057a 4500 |
| 003 - CONTROL NUMBER IDENTIFIER | |
| control field | OSt |
| 005 - DATE AND TIME OF LATEST TRANSACTION | |
| control field | 20210514110954.0 |
| 008 - FIXED-LENGTH DATA ELEMENTS--GENERAL INFORMATION | |
| fixed length control field | 210514b ||||| |||| 00| 0 eng d |
| 020 ## - INTERNATIONAL STANDARD BOOK NUMBER | |
| International Standard Book Number | 9781844261826 |
| 040 ## - CATALOGING SOURCE | |
| Transcribing agency | DDC |
| 082 ## - DEWEY DECIMAL CLASSIFICATION NUMBER | |
| Classification number | 636.4 MPO 2011 |
| 100 ## - MAIN ENTRY--PERSONAL NAME | |
| Personal name | Mpofu, Irvin |
| 9 (RLIN) | 14227 |
| 245 ## - TITLE STATEMENT | |
| Title | Pig Production Science and Technology: |
| Remainder of title | From Free Range to Small Scale Intensive Production System. |
| 260 ## - PUBLICATION, DISTRIBUTION, ETC. (IMPRINT) | |
| Place of publication, distribution, etc. | Wageningen: |
| Name of publisher, distributor, etc. | Agromisa Foundation; |
| Date of publication, distribution, etc. | 2011, |
| 300 ## - PHYSICAL DESCRIPTION | |
| Extent | 99p. : |
| Other physical details | ill. ; |
| Dimensions | 21 cm |
| 504 ## - BIBLIOGRAPHY, ETC. NOTE | |
| Bibliography, etc | Includes References |
| 650 ## - SUBJECT ADDED ENTRY--TOPICAL TERM | |
| Topical term or geographic name as entry element | Pig Production. |
| 9 (RLIN) | 14228 |
| 650 ## - SUBJECT ADDED ENTRY--TOPICAL TERM | |
| Topical term or geographic name as entry element | Swine. |
| 9 (RLIN) | 14229 |
| 942 ## - ADDED ENTRY ELEMENTS (KOHA) | |
| Source of classification or shelving scheme | Dewey Decimal Classification |
| Koha item type | Book |
| Withdrawn status | Lost status | Source of classification or shelving scheme | Damaged status | Not for loan | Home library | Current library | Date acquired | Inventory number | Total Checkouts | Full call number | Barcode | Date last seen | Price effective from | Koha item type | Public note |
|---|---|---|---|---|---|---|---|---|---|---|---|---|---|---|---|
| Dewey Decimal Classification | Faculty of Interdisciplinary Studies Library | Faculty of Interdisciplinary Studies Library | 14/05/2021 | 21/41388 | 636.4 MPO 2011 | 2021-0519 | 14/05/2021 | 14/05/2021 | Book | Material in Hard copy |
